1962 1388 1435 1271 1607 1136 1529 1621 1602 1028 1266 1348 1121 1083 1364 1230 1170 1586 1927 1090 1749 1111 1916 1872 1423 1048 1480 1616 1659 1959 1499 1348 1807 1274 1792 1266 1591 1819 1110 1024 1591 1222 1471 1671 1537 1153 1819 1706 1436 1358 1344 1768 1002 1442 1277 1646 1540 1940 1707 1140 1240 1280 1796 1685 1967 1458 1667 1245 1813 1782 1153 1959 1296 1704 1509 1246 1138 1809 1513 1165 1536 1790 1850 1873 1722 1752 1082 1568 1609 1381 1117 1867 1153 1190 1169 1146 1979 1909 1970 BCNSPRNW ULIB Ver.6.0+V

เปลี่ยนเป็นภาษาไทย

Change to English
 แสดงรายละเอียดบรรณานุกรม
  กลับหน้าหลัก

Brief Record : Get Marc (ISO 2709) : E-mail record : QR code < ปิดหน้าต่าง
LEADER : 00000nam 2200000uu 4500
001    13399110763
003     ULIB
008    110608s2546||||th 000 0 tha d
020    9747597438 (ล.1)
020    9747597543 (ล.2)
020    9747597535 (ล.2)
020    9747597624 (ล.3)
090    นว^bท869ล ล.1-3 2544-2546
100 1  โทลคีน, เจ.อาร์.อาร์,^dค.ศ.1892-1973
245 10 ลอร์ด ออฟ เดอะ ริงส์ =^bThe Lord of the rings /^cเจ.อาร์.อาร์ โทลคีน, เรื่องและภาพประกอบ ; วัลลี ชื่นยง, แปล
246 31 Lord of the rings
260    กรุงเทพฯ :^bแพรวเยาวชน,^c2544-<2546>
300    3 เล่ม ;^c22 ซม. +^eแผ่นพับ 1 แผ่น
440  0 วรรณกรรมเยาวชน
505 0  ^gล.1^tมหันตภัยแห่งแหวน --^gล.2^tหอคอยคู่พิฆาต --^gล.3^tกษัตริย์คืนบัลลังก์
650  7 นวนิยายอังกฤษ^xการแปลเป็นภาษาไทย
700 0  วัลลี ชื่นยง,^eผู้แปล
700 1  Tolkien, J.R.R.^q(John Ronald Reuel),^d1892-1973
740 02 มหันตภัยแห่งแหวน
740 02 หอคอยคู่พิฆาต
740 02 กษัตริย์คืนบัลลังก์
945    ^p325^l0^i014804
945    ^p325^l0^i030133
945    ^p325^l0^i014803
945    ^p325^l0^i014805
995    เกษร
999 ^a ใช้งานได้ทุกระบบ
รายการนี้ยังไม่มีแท็ก
คุณยังไม่ได้ล็อกอิน คุณสามารถมีกิจกรรมร่วมกับเว็บไซต์ได้ แต่ต้องล็อกอินก่อน ::
  ล็อกอิน

รายการสื่อสารสนเทศ

ลำดับที่ ประเภท เลขเรียก/บาร์โค้ด สถานที่ สถานะ
- ไม่พบข้อมูล -

BibComment


ยังไม่เคยถูกคอมเมนท์

คอมเมนท์ทรัพยากรรายการนี้
  คอมเมนท์: ลอร์ด ออฟ เดอะ ริ..

สมาชิกที่บันทึกรายการนี้ไว้ในรายการโปรด
นางสาวนุชศรา พรมชัย

 Copyright 2026. Bcnsprnw @Library